MARC details
| 000 -LEADER |
| fixed length control field |
00433cam a2200145 i 4500 |
| 005 - DATE AND TIME OF LATEST TRANSACTION |
| control field |
20250901165807.0 |
| 008 - FIXED-LENGTH DATA ELEMENTS--GENERAL INFORMATION |
| fixed length control field |
220218t20202020maua 000 0 eng d |
| 010 ## - LIBRARY OF CONGRESS CONTROL NUMBER |
| LC control number |
2021443360 |
| 020 ## - INTERNATIONAL STANDARD BOOK NUMBER |
| International Standard Book Number |
9781623719357 |
| Qualifying information |
(paperback) |
| 020 ## - INTERNATIONAL STANDARD BOOK NUMBER |
| International Standard Book Number |
1623719356 |
| Qualifying information |
(paperback) |
| 050 00 - LIBRARY OF CONGRESS CALL NUMBER |
| Classification number |
PR9387.9 .W36 2016 |
| 245 00 - TITLE STATEMENT |
| Title |
Memories we Lost |
| Statement of responsibility, etc. |
Selection by Chris Wanjala |
| Remainder of title |
and other stories |
| 300 ## - PHYSICAL DESCRIPTION |
| Extent |
175pages : |
| Other physical details |
illustration ; |
| Dimensions |
24 cm. |
| 942 ## - ADDED ENTRY ELEMENTS (KOHA) |
| Source of classification or shelving scheme |
Library of Congress Classification |